000 00687nam a2200289Ia 4500
005 20260324151010.0
008 008 260324s9999 xx 000 0 eng d
020 _a9780203100448
037 _aEBOOK
040 _aCRL
040 _beng
040 _cCRL
041 _2eng
041 _aeng
084 _qCRL
100 _aEdward Urwick
_91228372
245 4 _aThe Message of Plato (RLE: Plato)
245 2 _bA Re-Interpretation of the Republic
260 _bTaylor and Francis
260 _c1920
365 _a
365 _b230
856 _uhttp://www.taylorfrancis.com/books/9780203100448
942 _cEBOOK
999 _c1838759
_d1838759